| 000 | 00333nam a2200121Ia 4500 | ||
|---|---|---|---|
| 008 | 190216s9999||||xx |||||||||||||| ||und|| | ||
| 100 | _a"Klaffer Richard D, Chemklewski" | ||
| 245 | 0 | _aRobotic Engineering- An Integrated Approach | |
| 260 |
_bPrentice Hall Of India Pvt Ltd _c2003 |
||
| 300 | _a740 | ||
| 650 | _aPhysics | ||
| 942 | _cBK | ||
| 999 |
_c33819 _d33819 |
||